| 000 | 01281cam a22002055a 4500 | ||
|---|---|---|---|
| 001 | L155683 | ||
| 008 | 120402s1675 xxk f 000 0 eng d | ||
| 035 | _a(Sirsi) u155683 | ||
| 041 | 0 | _aeng | |
| 100 | 1 |
_aOgilby, John _d1600-1676 |
|
| 245 | 0 | 0 |
_aBritannia, volume the first: or, An illustration of the kingdom of England and dominion of Wales _bby a geographical and historical description of the principal roads thereof. Actually admeasured and delineated in a century of whole-sheet copper-sculps. Accomodated with the ichnography of the several cities and capital towns; and compleated by an accurate account of the more remarkable passages of antiquity, together with a novel discourse of the present state. By John Ogilby Esq; His Majesty's cosmographer, and master of His Majesty's revels in the kingdom of Ireland |
| 260 |
_aLondon _bprinted by the author at his house in White-Fryers _cM. DC. LXXV. [1675] |
||
| 300 |
_a[34], 200, [4] p., [102] leaves of plates (most folded) _bill., maps _c2o |
||
| 520 | _aTitle page in red and black. | ||
| 583 |
_aCondition reviewed _c20120620 _lcondition level 4, detached boards |
||
| 583 |
_aSent for conservation _c20130129 _kElizabeth Neville |
||
| 651 | 4 |
_aGreat Britain _y1707- |
|
| 690 |
_aInfrastructure _96246 |
||
| 942 | _n0 | ||
| 999 |
_c113750 _d113750 |
||